000 01128cam a22002891i 4500
003 SA-RiAUC
005 20250923062430.0
008 250810s2010____ua g b f000 0 ara c
020 _a9789774213789
040 _aJO-IrCEJ
_bara
_cSA-RiAUC
_erda
082 0 4 _a172
_qSA-RiAUC
090 _a172
_bا م ا
100 1 _aإمام، إمام عبد الفتاح،
_d1933-
_eمؤلف.
245 1 2 _aالأخلاق والسياسة :
_bدراسة في فلسفة الحكم /
_cتأليف إمام عبد الفتاح إمام.
246 3 0 _aفلسفة الحكم
250 _aالطبعة الأولى.
264 1 _aالقاهرة :
_bالهيئة المصرية العامة للكتاب،
_c2010.
300 _a456 صفحة ؛
_c24 سم
336 _aنص
_btxt
_2rdacontent
_3كتاب
337 _aبدون وسيط
_bn
_2rdamedia
338 _aمجلد
_bnc
_2rdacarrier
504 _aببليوجرافية : صفحة 439-448.
650 7 _aالأخلاق السياسية
_2aucsh
650 7 _aالعلوم السياسية
_xفلسفة
_2aucsh
942 _2ddc
_cBOOK
_n0
949 _aSA-JeALM
_d250810
_umohamedma123
_n1
999 _c12054
_d12054